Die 10 meistverkauften Trikots - Statistiken

Allgemein
  • Dieses Quiz wurde 654 mal gespielt
  • Das Durchschnittsergebnis liegt bei 6 aus 10
Antwortstatistiken
Platz Verein Trikot Spieler % Korrekt
1 Barcelona Lionel Messi
100%
2 Real Madrid Cristiano Ronaldo
99%
3 Barcelona Neymar
84%
8 Tottenham Harry Kane
81%
6 PSG Zlatan Ibrahimovic
76%
9 Manchester United Wayne Rooney
51%
4 FC Chelsea Eden Hazard
48%
10 FC Arsenal Mesut Özil
38%
7 L.A. Galaxy Steven Gerrard
13%
5 FC Arsenal Alexis Sanchez
12%
Keine übereinstimmenden Quizze gefunden
Verteilung der Resultate
Anzahl Personen mit jedem Resultat
Perzentil nach korrekt beantworteten Fragen
Ihre Resultats-Entwicklung
Sie haben dieses Quiz noch nicht gespielt